000
00321nam a2200121Ia 4500
005
20251222153611.0
008
251222s9999||||xx |||||||||||||| ||spa||
082
_a
658.001/J54
100
_a
"Jiménez Castro, Wilburg"
245
0
_a
Introducción al estudio de la teoría administrativa
250
_a
2a.ed.
942
_c
LIB
999
_c
31595
_d
31595